|
|
|
|
| LEADER |
00000nam0a2200000 4500 |
| 001 |
350967 |
| 005 |
20231102010345.0 |
| 035 |
|
|
|a (RuTPU)RU\TPU\retro\5366
|
| 090 |
|
|
|a 350967
|
| 100 |
|
|
|a 20190318d1938 m y0rusy50 ca
|
| 101 |
0 |
|
|a rus
|
| 102 |
|
|
|a RU
|
| 105 |
|
|
|a a j 000zy
|
| 200 |
1 |
|
|a Ламповые генераторы и передатчики
|e учебник для специальных технических школ
|f Е. В. Юрасов
|
| 210 |
|
|
|a Москва
|c Воениздат
|d 1938
|
| 215 |
|
|
|a 336 с.
|c ил.
|
| 316 |
|
|
|5 63413507: КР-6318
|a На титульном листе владельческая подпись: "А. Воробьев"
|
| 317 |
|
|
|5 63413507: КР-6318
|a Поступила в НТБ в 1987 г. в дар от вдовы ученого Е. К. Завадовской
|
| 606 |
1 |
|
|a Генераторы ламповые
|2 stltpush
|3 (RuTPU)RU\TPU\subj\5763
|9 33764
|
| 606 |
1 |
|
|a Радиопередатчики
|x Модуляционные устройства
|2 stltpush
|3 (RuTPU)RU\TPU\subj\22907
|9 47586
|
| 610 |
1 |
|
|a электрические процессы
|
| 610 |
1 |
|
|a колебания
|
| 610 |
1 |
|
|a режим работы
|
| 610 |
1 |
|
|a независимое возбуждение
|
| 610 |
1 |
|
|a самовозбуждение
|
| 610 |
1 |
|
|a частота
|
| 610 |
1 |
|
|a стабилизация частоты
|
| 610 |
1 |
|
|a радиопередающие устройства
|
| 610 |
1 |
|
|a телеграфная связь
|
| 610 |
1 |
|
|a радиотелефонная связь
|
| 610 |
1 |
|
|a модуляция
|
| 610 |
1 |
|
|a учебники
|
| 610 |
1 |
|
|a библиотека А. А. Воробьева
|
| 610 |
1 |
|
|a дары библиотеке
|
| 610 |
1 |
|
|a владельческая надпись
|
| 675 |
|
|
|a 621.373.4(075.3)
|v 4
|
| 675 |
|
|
|a 621.396.61(075.3)
|v 4
|
| 700 |
|
1 |
|a Юрасов
|b Е. В.
|
| 801 |
|
1 |
|a RU
|b 63413507
|c 20190318
|
| 801 |
|
2 |
|a RU
|b 63413507
|c 20200603
|g RCR
|
| 942 |
|
|
|c BK
|